| 000 | 00672nam a2200193Ia 4500 | ||
|---|---|---|---|
| 008 | 200812s9999 xx 000 0 und d | ||
| 020 | _a1625646941 | ||
| 020 | _a9781625646941 | ||
| 041 | _aeng | ||
| 050 |
_aBR1700.2 _b.H34 1985 |
||
| 100 | _aHawkins, Anne Hunsaker | ||
| 245 |
_aArchetypes of conversion: _bthe autobiographies of augustine, bunyan, and merton / _cAnne Hunsaker Hawkins |
||
| 260 |
_a[Place of publication not identified] : _bWipf & Stock Publishers, _c1985 |
||
| 300 |
_a191 p. _b; _c22 cm. |
||
| 650 | _aAugustine, -- of Hippo, Saint, -- 354-430. | ||
| 650 | _aBunyan, John, -- 1628-1688. | ||
| 650 | _aMerton, Thomas, -- 1915-1968. | ||
| 999 |
_c2801 _d2801 |
||